[Event "?"]
[Site "?"]
[Date "????.??.??"]
[Round "?"]
[White "Taksrud, V."]
[Black "Stavenhagen, J."]
[Result "1-0"]
[WhiteElo "2087"]
[BlackElo "2019"]
[PlyCount "87"]

1. e4 c5 2. Nf3 Nc6 3. Bb5 g6 4. O-O Bg7 5. c3 e5 6. Re1 Nge7 7. Na3 a6 8. Bf1
b5 9. Nc2 O-O 10. d4 cxd4 11. cxd4 d5 12. exd5 Nxd4 13. Nfxd4 exd4 14. Nxd4
Qxd5 15. Nb3 Be6 16. Qe2 Rfe8 17. Be3 Qc4 18. Qd2 Qd5 19. Rad1 Qxd2 20. Rxd2
Nf5 21. Bb6 Bxb3 22. Rxe8+ Rxe8 23. axb3 Bf6 24. g4 Nh4 25. Be2 Re6 26. Ba5 Rc6
27. f4 g5 28. f5 Rc1+ 29. Kf2 Rh1 30. Bc7 h5 31. Bg3 hxg4 32. Bxg4 Rb1 33. Rd6
Rxb2+ 34. Kf1 Kg7 35. Rxa6 Rxb3 36. Rb6 Nxf5 37. Bf2 Nh6 38. Bd1 Rb2 39. Rxf6
Rb1 40. Rd6 Ng4 41. Bd4+ Kg8 42. Ke2 Kf8 43. h3 Nh2 44. Bf6 1-0

[Event "?"]
[Site "?"]
[Date "????.??.??"]
[Round "?"]
[White "Mueller, S."]
[Black "Strand, K."]
[Result "0-1"]
[WhiteElo "2055"]
[BlackElo "2062"]
[PlyCount "64"]

1. Nc3 d5 2. e4 e6 3. e5 c5 4. f4 Nc6 5. Bb5 Bd7 6. Nf3 d4 7. Ne4 Nxe5 8. fxe5
Bxb5 9. d3 Qc7 10. O-O O-O-O 11. Nfg5 Nh6 12. Qh5 Be8 13. Qh3 Qxe5 14. Bf4 Qd5
15. b3 Bd7 16. Bd2 f6 17. Nf3 Nf5 18. g4 Nd6 19. Nf2 e5 20. Rac1 Be7 21. Qg3 g5
22. c3 dxc3 23. Rxc3 Kb8 24. Rfc1 Bc6 25. Ne1 Nb5 26. Rc4 Nd4 27. Kf1 Bb5 28.
R4c3 h5 29. b4 cxb4 30. Rc7 Bd6 31. Rg7 hxg4 32. Ne4 Qxe4 0-1

[Event "?"]
[Site "?"]
[Date "????.??.??"]
[Round "?"]
[White "Zanger, K."]
[Black "Kverndal, L."]
[Result "1-0"]
[WhiteElo "1785"]
[BlackElo "1956"]
[PlyCount "133"]

1. d4 Nf6 2. c4 e5 3. e3 e4 4. Nc3 Bb4 5. Bd2 Bxc3 6. Bxc3 O-O 7. Ne2 d5 8. Ng3
c6 9. Be2 Be6 10. b3 a5 11. O-O Na6 12. Qc2 Rc8 13. Qd2 a4 14. c5 axb3 15. axb3
Ra8 16. Ra2 Qd7 17. Rfa1 Nc7 18. Ba5 Nb5 19. Bxb5 cxb5 20. Ne2 Qc6 21. Bb6 Rxa2
22. Rxa2 Nd7 23. Ba5 g5 24. Nc3 Nb8 25. Qe2 Bd7 26. Qh5 f6 27. h4 Kh8 28. hxg5
Be8 29. Qh2 Na6 30. gxf6 b4 31. Qe5 Bf7 32. Qe7 Kg8 33. Ne2 Nb8 34. Bc7 Nd7 35.
Qd6 Nxf6 36. Qg3+ Bg6 37. Bd6 Nh5 38. Qh4 Re8 39. Nf4 Nxf4 40. Qxf4 Qd7 41. Qg5
b5 42. Qxd5+ Qf7 43. Qxf7+ Bxf7 44. Ra5 Bxb3 45. Rxb5 Bd5 46. Rxb4 Rc8 47. Kh2
Kf7 48. Rb6 h5 49. g3 Ke6 50. Kh3 Re8 51. Kh4 Rh8 52. Rb8 Rxb8 53. Bxb8 Ke7 54.
g4 hxg4 55. Kxg4 Ke6 56. Kf4 Bc6 57. Kg5 Bd5 58. Kg6 Bc6 59. Kg7 Bb7 60. Kf8
Bc6 61. Kg7 Bb7 62. Kg6 Bc6 63. Kg5 Bd5 64. Bg3 Bc6 65. Kf4 Bd5 66. f3 exf3 67.
e4 1-0

[Event "?"]
[Site "?"]
[Date "????.??.??"]
[Round "?"]
[White "Standal, B."]
[Black "Feavyour, J."]
[Result "0-1"]
[WhiteElo "1935"]
[BlackElo "2068"]
[PlyCount "58"]

1. e4 e6 2. d3 d5 3. Nd2 c5 4. Ngf3 Nf6 5. g3 dxe4 6. dxe4 Be7 7. Bg2 O-O 8.
O-O Nc6 9. Qe2 Qc7 10. c3 e5 11. Re1 h6 12. h3 Be6 13. Kh2 Rad8 14. Nc4 b5 15.
Ncd2 c4 16. Nf1 Rd3 17. Nh4 Nd7 18. Nf5 Bg5 19. h4 Bxc1 20. Raxc1 Kh7 21. Rcd1
g6 22. N5e3 Nc5 23. Nd5 Qd8 24. Nfe3 f5 25. exf5 gxf5 26. Nf6+ Qxf6 27. Bxc6 f4
28. Ng4 fxg3+ 29. fxg3 Bxg4 0-1

[Event "?"]
[Site "?"]
[Date "????.??.??"]
[Round "?"]
[White "Macdonald-Ross, S."]
[Black "Bue, G."]
[Result "1/2-1/2"]
[WhiteElo "2065"]
[BlackElo "1896"]
[PlyCount "51"]

1. d4 Nf6 2. c4 g6 3. Nc3 Bg7 4. e4 d6 5. Be2 O-O 6. Bg5 h6 7. Bf4 Nc6 8. Qd2
Kh7 9. O-O-O a6 10. f3 Rb8 11. Be3 e5 12. d5 Nd4 13. Bxd4 exd4 14. Qxd4 Bd7 15.
Qf2 b5 16. c5 dxc5 17. Qxc5 Ne8 18. Rd2 Nd6 19. Bd3 b4 20. Nd1 Bb5 21. Ne2 Bxd3
22. Rxd3 Qg5+ 23. Ne3 Rb5 24. Qc2 Nb7 25. Kb1 Nc5 26. f4 1/2-1/2

[Event "?"]
[Site "?"]
[Date "????.??.??"]
[Round "?"]
[White "Appelt, G."]
[Black "Kunath, E."]
[Result "1/2-1/2"]
[WhiteElo "2054"]
[BlackElo "1985"]
[PlyCount "57"]

1. e4 d5 2. exd5 Qxd5 3. Nc3 Qa5 4. Bc4 Bf5 5. d4 c6 6. Bd2 Qb6 7. Qf3 e6 8.
Nge2 Nf6 9. O-O-O Nbd7 10. h3 Bd6 11. g4 Bg6 12. h4 h5 13. g5 Nd5 14. Ne4 Bxe4
15. Qxe4 g6 16. Rh3 Qc7 17. Rf3 N7b6 18. Ba5 O-O 19. Bb3 Bb4 20. Bxb4 Nxb4 21.
Nf4 Kg7 22. c4 a5 23. a4 Rae8 24. Kb1 Nc8 25. Nd3 Nxd3 26. Rdxd3 Ne7 27. Bc2
Rd8 28. Rb3 Rd7 29. Rf4 1/2-1/2

[Event "?"]
[Site "?"]
[Date "????.??.??"]
[Round "?"]
[White "Vasiukov, E."]
[Black "Rahls, P."]
[Result "1-0"]
[WhiteElo "2493"]
[BlackElo "2334"]
[PlyCount "61"]

1. e4 c5 2. Nf3 e6 3. Nc3 a6 4. d4 cxd4 5. Nxd4 d6 6. g4 b5 7. Bg2 Bb7 8. O-O
Ne7 9. f4 b4 10. Nce2 e5 11. Nf5 Nxf5 12. gxf5 Nd7 13. c3 Qb6+ 14. Kh1 a5 15.
Ng3 Nf6 16. cxb4 axb4 17. Re1 h5 18. Be3 Qa5 19. a3 h4 20. Nf1 Be7 21. Nd2 d5
22. Nb3 Qc7 23. Rc1 Qb8 24. fxe5 h3 25. Bf3 dxe4 26. exf6 exf3 27. Bf2 gxf6 28.
Qd4 Kf8 29. Rxe7 Kxe7 30. Re1+ Kf8 31. Qxb4+ 1-0

[Event "?"]
[Site "?"]
[Date "????.??.??"]
[Round "?"]
[White "Chernikov, O L."]
[Black "Erenska-Barlo, H."]
[Result "1/2-1/2"]
[WhiteElo "2411"]
[BlackElo "2291"]
[PlyCount "59"]

1. d4 f5 2. g3 Nf6 3. Bg2 g6 4. Nd2 Bg7 5. e4 fxe4 6. Nxe4 Nxe4 7. Bxe4 d5 8.
Bg2 Nc6 9. Ne2 Bg4 10. c3 e5 11. h3 Bf5 12. g4 Be6 13. dxe5 Nxe5 14. O-O Qd6
15. f4 Nc6 16. Be3 O-O-O 17. Nd4 Bxd4 18. Bxd4 Rhf8 19. Be3 d4 20. cxd4 Nxd4
21. Qa4 Qb6 22. Kh2 c5 23. Rac1 Kb8 24. Qa3 Rc8 25. Kg3 Rfd8 26. Bf2 Bd5 27.
Bxd4 cxd4 28. Rxc8+ Kxc8 29. Bxd5 Rxd5 30. Qf8+ 1/2-1/2

[Event "?"]
[Site "?"]
[Date "????.??.??"]
[Round "?"]
[White "Lieb, H."]
[Black "Arkhangelsky, B."]
[Result "1/2-1/2"]
[WhiteElo "2242"]
[BlackElo "2384"]
[PlyCount "24"]

1. d4 d5 2. c4 e6 3. Nf3 c6 4. Nc3 dxc4 5. a4 Bb4 6. g3 c5 7. Bg2 Nc6 8. Be3
Nf6 9. O-O Ng4 10. Ne4 Nxe3 11. fxe3 Qe7 12. Ne5 O-O 1/2-1/2

[Event "?"]
[Site "?"]
[Date "????.??.??"]
[Round "?"]
[White "Bachmann, K."]
[Black "Gutman, L."]
[Result "0-1"]
[WhiteElo "2304"]
[BlackElo "2465"]
[PlyCount "84"]

1. Nf3 Nf6 2. g3 g6 3. b3 Bg7 4. Bb2 O-O 5. Bg2 a5 6. c4 a4 7. O-O c6 8. d3 d5
9. Nbd2 Na6 10. Bc3 b5 11. cxb5 cxb5 12. b4 Bb7 13. a3 Bh6 14. Bxf6 exf6 15. e3
Re8 16. Rc1 Qb6 17. Nb1 d4 18. Nxd4 Rxe3 19. Rc2 Bxg2 20. Kxg2 Qb7+ 21. Nf3 Re7
22. Re1 Rd7 23. Qe2 Nc7 24. Qe4 Qxe4 25. Rxe4 Ne6 26. Ne1 f5 27. Re5 Rb8 28.
Nc3 Nd4 29. Ra2 Rc7 30. Ne2 Bg7 31. Rd5 Nxe2 32. Rxe2 Rc3 33. Ra2 Rb3 34. d4 f4
35. g4 h6 36. Nf3 Rd3 37. h4 Rc8 38. Rxb5 Rcc3 39. Ne5 f3+ 40. Kg3 Rxd4 41.
Rb8+ Kh7 42. Nxf3 Be5+ 0-1

[Event "?"]
[Site "?"]
[Date "????.??.??"]
[Round "?"]
[White "Uhlmann, W."]
[Black "Rosen, W."]
[Result "1-0"]
[WhiteElo "2420"]
[BlackElo "2268"]
[PlyCount "51"]

1. c4 e5 2. Nc3 Nf6 3. Nf3 Nc6 4. g3 d5 5. cxd5 Nxd5 6. Bg2 Nb6 7. a3 Be7 8. b4
Be6 9. Rb1 f6 10. d3 O-O 11. O-O Qd7 12. Ne4 Rad8 13. Nc5 Bxc5 14. bxc5 Nc4 15.
Rxb7 N4a5 16. Rb1 Rb8 17. Bd2 Rxb1 18. Qxb1 Rb8 19. Qc2 Rb3 20. Ra1 Nd4 21.
Nxd4 Qxd4 22. Qd1 Qxc5 23. Bb4 Qb6 24. Rc1 Kf7 25. Qe1 Nb7 26. Rc6 1-0

[Event "?"]
[Site "?"]
[Date "????.??.??"]
[Round "?"]
[White "Neese, H-J."]
[Black "Hecht, H-J."]
[Result "1/2-1/2"]
[WhiteElo "2244"]
[BlackElo "2397"]
[PlyCount "28"]
[EventDate "2006.02.24"]

1. d4 Nf6 2. Nf3 e6 3. c4 Nc6 4. a3 d5 5. e3 g6 6. Nc3 Bg7 7. Qc2 O-O 8. b4 a6
9. Bb2 b6 10. Rc1 Bb7 11. cxd5 exd5 12. Be2 Re8 13. O-O Rc8 14. Qb3 Ne7 1/2-1/2

[Event "?"]
[Site "?"]
[Date "????.??.??"]
[Round "?"]
[White "Klundt, K."]
[Black "Krueger, E."]
[Result "1-0"]
[WhiteElo "2381"]
[BlackElo "2210"]
[PlyCount "111"]

1. e4 c6 2. d4 d5 3. exd5 cxd5 4. c4 Nf6 5. Nc3 Nc6 6. Bg5 Be6 7. Qa4 Qd7 8.
O-O-O Bg4 9. f3 Bf5 10. g4 Bg6 11. h4 h5 12. Nh3 e6 13. Nf4 Bh7 14. cxd5 exd5
15. Re1+ Be7 16. Bxf6 gxf6 17. Nfxd5 O-O-O 18. Nxe7+ Nxe7 19. Qxa7 Nc6 20. Qa8+
Kc7 21. Qa4 Nxd4 22. Qxd7+ Rxd7 23. Bb5 Rd6 24. Re3 Kb6 25. Bc4 Bg6 26. b3 Ka5
27. a4 Rhd8 28. Rd1 Kb4 29. Kb2 Nc6 30. Rxd6 Rxd6 31. Bd5 Ne5 32. Na2+ Kc5 33.
Bxb7 Rd2+ 34. Ka3 hxg4 35. fxg4 Nxg4 36. Rc3+ Kb6 37. Bc6 Ne5 38. b4 Bb1 39.
Nc1 Rh2 40. a5+ Ka7 41. b5 Rxh4 42. b6+ Kb8 43. Be8 Bf5 44. Nb3 Rh3 45. Rxh3
Bxh3 46. Bb5 Bg2 47. Kb4 f5 48. Kc5 f4 49. Nd4 Be4 50. a6 f3 51. Nc6+ Nxc6 52.
Bxc6 Bxc6 53. Kxc6 f2 54. a7+ Ka8 55. b7+ Kxa7 56. Kc7 1-0

[Event "?"]
[Site "?"]
[Date "????.??.??"]
[Round "?"]
[White "Boehnisch, M."]
[Black "Rotstein, J."]
[Result "0-1"]
[WhiteElo "2372"]
[BlackElo "2410"]
[PlyCount "121"]
[EventDate "2006.02.24"]

1. e4 c5 2. c3 Nf6 3. e5 Nd5 4. Bc4 Nc7 5. d4 d5 6. exd6 Qxd6 7. Qf3 e6 8. Ne2
Qc6 9. Nd2 b6 10. dxc5 Bxc5 11. Qxc6+ Nxc6 12. Nf3 Bb7 13. Bf4 O-O-O 14. b4 Be7
15. O-O Nd5 16. Bg3 Bf6 17. Rac1 g5 18. Ned4 Nf4 19. Nxc6 Bxc6 20. Nd4 Bb7 21.
f3 Rd7 22. Bb3 e5 23. Bxf4 gxf4 24. Nf5 e4 25. fxe4 Bxe4 26. Bc2 Bd5 27. c4 Be6
28. Be4 Rhd8 29. Rc2 Be5 30. c5 Kb8 31. Rfc1 Bc7 32. Kf2 Rd2+ 33. Kf3 Bxa2 34.
Ne7 R8d3+ 35. Bxd3 Rxd3+ 36. Kg4 Be6+ 37. Kh5 f3 38. h4 Kb7 39. gxf3 Rxf3 40.
c6+ Kb8 41. b5 Rb3 42. Rg1 Bd8 43. c7+ Bxc7 44. Nc6+ Kb7 45. Nd4 Re3 46. Nxe6
Rxe6 47. Rg7 Re5+ 48. Kh6 Rc5 49. Rxc5 bxc5 50. Kxh7 Kb6 51. Rxf7 c4 52. Kg6
Be5 53. Kf5 Bh8 54. Ke4 Kxb5 55. Rxa7 Kb4 56. h5 Kb3 57. h6 Kc2 58. Ra2+ Kd1
59. Ra8 Bf6 60. Rc8 c3 61. Kd3 0-1

[Event "?"]
[Site "?"]
[Date "????.??.??"]
[Round "?"]
[White "Khanukov, B."]
[Black "Braun, G."]
[Result "1/2-1/2"]
[WhiteElo "2358"]
[BlackElo "2314"]
[PlyCount "129"]

1. d4 d6 2. c4 e5 3. d5 Nf6 4. Nc3 Bf5 5. Nf3 h6 6. Nd2 Nbd7 7. e4 Bg6 8. f3
Be7 9. b4 a5 10. bxa5 Rxa5 11. Nb3 Ra8 12. a4 O-O 13. Bd3 Nh5 14. O-O Bg5 15.
a5 Bxc1 16. Rxc1 Nf4 17. Bc2 b6 18. g3 Nh5 19. axb6 Nxb6 20. Qe2 Na4 21. Nxa4
Rxa4 22. Ra1 Qa8 23. c5 Rb8 24. Rxa4 Qxa4 25. Ra1 Qb4 26. Qe3 Nf6 27. Bd1 Nd7
28. c6 Nb6 29. g4 Nc4 30. Qf2 Na3 31. Qd2 Qb6+ 32. Qf2 Qb4 33. Qd2 Qb6+ 34. Qf2
Qb4 35. Kg2 Nb5 36. Qd2 Qxd2+ 37. Nxd2 Nc3 38. Bb3 Ne2 39. Kf2 Nd4 40. Ra3 Kf8
41. Bd1 Ke7 42. Ra7 Kd8 43. Ke3 Nb5 44. Rb7 Kc8 45. Be2 Nd4 46. Ra7 Nxe2 47.
Kxe2 f6 48. Kd3 Kd8 49. Kc3 Be8 50. Nc4 Rc8 51. h3 g6 52. Na5 f5 53. gxf5 gxf5
54. Nb7+ Ke7 55. Na5 Bh5 56. Nc4 Kf6 57. Nd2 fxe4 58. fxe4 Kg5 59. Ra1 Kf6 60.
h4 Rg8 61. Ra7 Rg7 62. Ra8 Bg4 63. Rh8 h5 64. Kb4 Be2 65. Ka5 1/2-1/2

[Event "?"]
[Site "?"]
[Date "????.??.??"]
[Round "?"]
[White "Boehlig, H."]
[Black "Bakhmatov, E."]
[Result "0-1"]
[WhiteElo "2238"]
[BlackElo "2390"]
[PlyCount "100"]

1. Nf3 Nf6 2. c4 d6 3. d4 Nbd7 4. Nc3 e5 5. g3 c6 6. Bg2 Be7 7. O-O O-O 8. Qc2
Re8 9. h3 Bf8 10. e4 a6 11. d5 cxd5 12. Nxd5 Nxd5 13. cxd5 b6 14. Bg5 f6 15.
Be3 a5 16. Rfc1 Nc5 17. Rab1 Bd7 18. Nd2 Be7 19. b3 Rf8 20. a3 f5 21. b4 axb4
22. axb4 f4 23. gxf4 exf4 24. Bd4 Na4 25. Nf3 Qe8 26. Qb3 Rc8 27. Rxc8 Qxc8 28.
Kh2 b5 29. Re1 Qc7 30. e5 Rc8 31. exd6 Bxd6 32. Be5 Nb6 33. Qd3 Nc4 34. Bxd6
Qxd6 35. Qd4 Qxb4 36. Qxf4 Rf8 37. Qe4 Re8 38. Qb1 Qd6+ 39. Kg1 Rf8 40. Qe4 Re8
41. Qd4 Rxe1+ 42. Nxe1 Qe5 43. Nf3 Qxd4 44. Nxd4 Kf7 45. Kf1 Ke7 46. Ke2 Kd6
47. Kd3 Nb6 48. Ne6 Nxd5 49. Bxd5 Bxe6 50. Be4 g6 0-1

[Event "?"]
[Site "?"]
[Date "????.??.??"]
[Round "?"]
[White "Ljuboschiz, A."]
[Black "Weber, B."]
[Result "1-0"]
[WhiteElo "2220"]
[BlackElo "2134"]
[PlyCount "67"]
[EventDate "2006.02.24"]

1. e4 e5 2. Nf3 Nc6 3. Bc4 Nf6 4. d3 Be7 5. O-O d6 6. a4 O-O 7. Re1 Bg4 8. h3
Bd7 9. a5 a6 10. Nbd2 Ne8 11. Nf1 Kh8 12. Ne3 Bg5 13. Nxg5 Qxg5 14. Nf5 Qf6 15.
Ng3 Qg6 16. c3 Nf6 17. Kh2 Rae8 18. Re3 Ne7 19. Bb3 Nfg8 20. Nh5 Nf6 21. Nxf6
Qxf6 22. Rf3 Qh4 23. Rg3 h6 24. Ba4 c6 25. d4 Rd8 26. dxe5 Qxe4 27. exd6 Nf5
28. Bc2 Qe5 29. Bxf5 Bxf5 30. Be3 f6 31. Qd4 Rfe8 32. Qxe5 Rxe5 33. Rd1 Rxa5
34. Bb6 1-0

[Event "?"]
[Site "?"]
[Date "????.??.??"]
[Round "?"]
[White "Rodriguez, O."]
[Black "Westerinen, H."]
[Result "0-1"]
[WhiteElo "2426"]
[BlackElo "2382"]
[PlyCount "74"]
[EventDate "2006.02.24"]

1. d4 Nf6 2. c4 g6 3. Nc3 Bg7 4. e4 d6 5. Nf3 O-O 6. h3 e5 7. d5 Nh5 8. Nh2 Qe8
9. Be2 f5 10. exf5 Nf4 11. Bxf4 exf4 12. fxg6 Qxg6 13. Kf1 Na6 14. h4 Nc5 15.
h5 Qf6 16. Rc1 Bf5 17. Ng4 Qg5 18. h6 Bxg4 19. hxg7 Bxe2+ 20. Nxe2 Qxg7 21. Nd4
Rae8 22. Rh4 Kh8 23. Rc3 Rf7 24. Rch3 Qg6 25. Rh6 Qe4 26. b4 Rfe7 27. g4 fxg3
28. bxc5 Qf4 29. Qc2 g2+ 30. Kxg2 Qg5+ 31. Rg3 Qxh6 32. Nf5 Qf6 33. Nxe7 Rxe7
34. cxd6 cxd6 35. c5 dxc5 36. Qxc5 Re8 37. Qxa7 Qf5 0-1

[Event "?"]
[Site "?"]
[Date "????.??.??"]
[Round "?"]
[White "Sorri, K J."]
[Black "Anguera, M J."]
[Result "1/2-1/2"]
[WhiteElo "2286"]
[BlackElo "2220"]
[PlyCount "97"]

1. d4 Nf6 2. Nf3 g6 3. g3 Bg7 4. Bg2 O-O 5. O-O d5 6. b3 Bf5 7. Bb2 Qc8 8. Re1
Bh3 9. Bh1 h6 10. Nbd2 Nbd7 11. c4 c6 12. Rc1 Qd8 13. Bg2 Bxg2 14. Kxg2 Ne4 15.
Qc2 Nxd2 16. Qxd2 e6 17. e4 Nf6 18. e5 Ne4 19. Qc2 f5 20. Ng1 Qe8 21. Ne2 Kh7
22. f3 Ng5 23. h4 Nf7 24. Nf4 Nh8 25. Rh1 h5 26. Rcf1 Bh6 27. Nh3 Nf7 28. Bc1
Bxc1 29. Qxc1 Qe7 30. Rf2 Rg8 31. Nf4 Kg7 32. b4 Rac8 33. a3 b5 34. cxb5 cxb5
35. Rc2 Qd7 36. Rc5 Rxc5 37. bxc5 Nd8 38. Qb2 a6 39. Nd3 Nc6 40. Nb4 Na5 41.
Ra1 Nc4 42. Qc1 a5 43. Nd3 Rb8 44. Qg5 Qf7 45. Nf4 Kh7 46. Nd3 Re8 47. Qc1 Qe7
48. a4 b4 49. Nb2 1/2-1/2

[Event "?"]
[Site "?"]
[Date "????.??.??"]
[Round "?"]
[White "Coll, E L."]
[Black "Kanko, I."]
[Result "0-1"]
[WhiteElo "2171"]
[BlackElo "2227"]
[PlyCount "77"]

1. e4 c5 2. Nc3 a6 3. g3 Nc6 4. Bg2 g6 5. d3 Bg7 6. Be3 d6 7. h3 Rb8 8. Qd2 b5
9. f4 b4 10. Nd1 e5 11. Ne2 Nge7 12. O-O Nd4 13. c3 bxc3 14. bxc3 Nxe2+ 15.
Qxe2 O-O 16. fxe5 Bxe5 17. Bh6 Bg7 18. Bxg7 Kxg7 19. Ne3 Qa5 20. Rac1 Be6 21.
Rc2 f6 22. d4 cxd4 23. cxd4 Rfc8 24. Qf3 Ng8 25. Rcf2 Rc3 26. Qf4 Qc7 27. g4
Qb6 28. Rd1 Rbc8 29. g5 fxg5 30. Qxg5 Qd8 31. Qf4 Qe7 32. Rdf1 Nh6 33. e5 Nf7
34. exd6 Qg5 35. d7 Rd8 36. d5 Qxf4 37. Rxf4 Rxe3 38. dxe6 Ng5 39. Rf7+ 0-1

[Event "?"]
[Site "?"]
[Date "????.??.??"]
[Round "?"]
[White "Murey, J."]
[Black "Littlewood, J."]
[Result "1-0"]
[WhiteElo "2472"]
[BlackElo "2275"]
[PlyCount "60"]
[EventDate "2006.02.24"]

1. e4 c5 2. Nc3 Nc6 3. g3 g6 4. Bg2 Bg7 5. Nge2 e6 6. O-O Nge7 7. a3 O-O 8. Rb1
d5 9. exd5 exd5 10. Nf4 d4 11. Ne4 c4 12. d3 Ne5 13. dxc4 Nxc4 14. Nd3 h6 15.
Nec5 Nd5 16. Qf3 Ncb6 17. Nb4 Nxb4 18. axb4 Bf5 19. Qb3 Nd7 20. Bf4 Rc8 21. Bd6
Nxc5 22. bxc5 Bxc2 23. Qxb7 Bxb1 24. Rxb1 Re8 25. Bc6 d3 26. Rd1 Qf6 27. Bxe8
Rxe8 28. Rxd3 Re2 29. Rf3 Qe6 30. Qb3 Rxb2 {
Rest ist nicht mehr nachvollziehbar!} 1-0

[Event "?"]
[Site "?"]
[Date "????.??.??"]
[Round "?"]
[White "Rodkin, R."]
[Black "Macdonald-Ross, M."]
[Result "1/2-1/2"]
[WhiteElo "2233"]
[BlackElo "2207"]
[PlyCount "108"]

1. c4 Nf6 2. Nf3 e6 3. d4 d5 4. Nc3 Be7 5. Bg5 h6 6. Bh4 O-O 7. e3 b6 8. Rc1
Bb7 9. Be2 Nbd7 10. O-O c5 11. cxd5 Nxd5 12. Bg3 cxd4 13. Nxd4 Nc5 14. Ndb5
Nxc3 15. Nxc3 Qxd1 16. Rfxd1 Rfd8 17. f3 Rxd1+ 18. Rxd1 Rd8 19. Rxd8+ Bxd8 20.
b4 Nd7 21. Nb5 a5 22. a3 axb4 23. axb4 Ba6 24. Kf2 Be7 25. Bd6 Kf8 26. e4 Bxd6
27. Nxd6 Bxe2 28. Kxe2 Ke7 29. Nc8+ Kd8 30. Nd6 Ke7 31. Nc4 f6 32. f4 Kd8 33.
h4 Kc7 34. g4 b5 35. Na3 Kc6 36. Nc2 e5 37. h5 Nf8 38. fxe5 fxe5 39. Ne3 Ne6
40. Nf5 Kd7 41. Ke3 Kc6 42. g5 Nxg5 43. Nxg7 Kd7 44. Nf5 Nf7 45. Kf3 Ke6 46.
Kg4 Kf6 47. Ne3 Nd6 48. Nd5+ Ke6 49. Kf3 Kf7 50. Ne3 Ke6 51. Nf5 Nf7 52. Kg3
Kf6 53. Kh4 Ke6 54. Ne3 Nd6 1/2-1/2

[Event "?"]
[Site "?"]
[Date "????.??.??"]
[Round "?"]
[White "Wheeler, J F."]
[Black "Kaminik, A."]
[Result "0-1"]
[WhiteElo "2187"]
[BlackElo "2239"]
[PlyCount "90"]

1. d4 Nf6 2. c4 g6 3. Nc3 Bg7 4. e4 d6 5. Be2 O-O 6. Bg5 c5 7. dxc5 Qa5 8. Bd2
Qxc5 9. Nf3 Bg4 10. Be3 Qa5 11. O-O Nc6 12. a3 Rac8 13. b4 Qd8 14. Qb3 b6 15.
Rad1 Qe8 16. h3 Bxf3 17. Bxf3 Kh8 18. Be2 Nd7 19. f4 f5 20. Bf3 g5 21. exf5
gxf4 22. Bxc6 fxe3 23. Bd5 Qh5 24. Qc2 Ne5 25. Ne2 Nxc4 26. Bxc4 b5 27. Nf4
Rxc4 28. Qxc4 Qxd1 29. Qxb5 Qd2 30. Qe2 Qxe2 31. Nxe2 d5 32. Rd1 Rxf5 33. g4
Rf2 34. Rxd5 Kg8 35. Ng3 Rd2 36. Rg5 h6 37. Rf5 Bd4 38. Kf1 e5 39. Ne4 Ra2 40.
Rf3 Rxa3 41. h4 Rb3 42. Ke2 Rxb4 43. Nf6+ Kh8 44. g5 Rb2+ 45. Ke1 Bc3+ 0-1

[Event "?"]
[Site "?"]
[Date "????.??.??"]
[Round "?"]
[White "Raedeker, B."]
[Black "Turikov, V."]
[Result "1-0"]
[WhiteElo "2238"]
[BlackElo "2345"]
[PlyCount "85"]

1. d4 d6 2. c4 Nf6 3. Nc3 c6 4. e4 Qa5 5. f3 e5 6. d5 Be7 7. Be3 O-O 8. Bd3 a6
9. Nge2 Nbd7 10. O-O Nc5 11. Bc2 cxd5 12. cxd5 b5 13. a3 Qc7 14. Rc1 Qb8 15.
Ng3 Bd8 16. Qd2 Bb6 17. b4 Ncd7 18. Nf5 Re8 19. Kh1 Bxe3 20. Nxe3 Nb6 21. Bd3
Bd7 22. Ne2 Qd8 23. Ng3 Rc8 24. Ngf5 Bxf5 25. Nxf5 g6 26. Qg5 Rxc1 27. Rxc1
Nxe4 28. Nh6+ Kg7 29. Nf5+ Kh8 30. Qh6 gxf5 31. fxe4 f6 32. Rc6 f4 33. Be2 Rg8
34. Bh5 Nc4 35. Bf7 Rg7 36. Be6 Rg6 37. Qh4 Nb6 38. Qf2 Nd7 39. Rxd6 Rg7 40.
Qa7 f3 41. gxf3 Qc8 42. Rc6 Qe8 43. Rc7 1-0

[Event "?"]
[Site "?"]
[Date "????.??.??"]
[Round "?"]
[White "Hottes, D."]
[Black "Golcman, E."]
[Result "1/2-1/2"]
[WhiteElo "2185"]
[BlackElo "2317"]
[PlyCount "48"]
[EventDate "2006.02.24"]

1. c4 Nf6 2. Nc3 e6 3. e4 d5 4. e5 d4 5. exf6 dxc3 6. bxc3 Qxf6 7. d4 c5 8. Nf3
h6 9. Bd3 cxd4 10. cxd4 Bb4+ 11. Bd2 Bxd2+ 12. Qxd2 O-O 13. O-O Rd8 14. Qe3 Nc6
15. Rad1 Kf8 16. Be4 Bd7 17. Rd2 Qe7 18. Re1 Be8 19. h3 Rac8 20. Bxc6 Rxc6 21.
d5 Rxc4 22. dxe6 Rxd2 23. Nxd2 Rc6 24. Qxa7 Rxe6 1/2-1/2

[Event "?"]
[Site "?"]
[Date "????.??.??"]
[Round "?"]
[White "Schmid, H."]
[Black "Krylov, S."]
[Result "1/2-1/2"]
[WhiteElo "2221"]
[BlackElo "2253"]
[PlyCount "53"]

1. e4 c5 2. Nf3 Nc6 3. d4 cxd4 4. Nxd4 g6 5. Nc3 Bg7 6. Be3 Nf6 7. Be2 O-O 8.
O-O d5 9. exd5 Nb4 10. Qd2 Nbxd5 11. Nxd5 Nxd5 12. Bh6 Bxh6 13. Qxh6 Qb6 14.
Rad1 Qxb2 15. Bc4 Nf6 16. Rfe1 e5 17. Rxe5 Bg4 18. f3 Rad8 19. Qe3 Bd7 20. Bb3
Bc6 21. c3 Rfe8 22. Rxe8+ Rxe8 23. Qf4 Nd5 24. Qd2 Qxc3 25. Nxc6 Qxd2 26. Rxd2
bxc6 27. Bxd5 1/2-1/2

[Event "?"]
[Site "?"]
[Date "????.??.??"]
[Round "?"]
[White "Vager, B."]
[Black "Gabriel, J."]
[Result "1/2-1/2"]
[WhiteElo "2175"]
[BlackElo "2200"]
[PlyCount "97"]

1. d4 f5 2. g3 Nf6 3. Bg2 g6 4. Nf3 Bg7 5. O-O O-O 6. b3 d6 7. Bb2 h6 8. Nbd2
Qe8 9. c4 g5 10. e3 Ng4 11. Qc2 Qh5 12. Rfe1 Nc6 13. a3 f4 14. exf4 gxf4 15.
Nf1 fxg3 16. Nxg3 Qf7 17. Re2 Qf4 18. Rd1 e5 19. dxe5 Ncxe5 20. Nxe5 Nxe5 21.
Bxe5 Bxe5 22. Qd2 Bg4 23. f3 Qxd2 24. Rexd2 Bxf3 25. Bxf3 Rxf3 26. Rd3 Raf8 27.
R1d2 a5 28. Kg2 R3f4 29. a4 c6 30. Re2 Rg4 31. c5 Bxg3 32. hxg3 d5 33. Re7 Rg7
34. Re6 Kh7 35. Rd4 Rfg8 36. Re3 Rg4 37. Rxg4 Rxg4 38. Re7+ Rg7 39. Re8 Rf7 40.
Ra8 Kg6 41. Rxa5 d4 42. Ra8 Rd7 43. Kf2 d3 44. Ke1 d2+ 45. Kd1 Kf5 46. Rh8 Kg5
47. Rg8+ Kf5 48. Rh8 Kg5 49. Rg8+ 1/2-1/2

[Event "?"]
[Site "?"]
[Date "????.??.??"]
[Round "?"]
[White "Baumgartner, H."]
[Black "Meier, W."]
[Result "1/2-1/2"]
[WhiteElo "2303"]
[BlackElo "2190"]
[PlyCount "120"]

1. Nf3 d5 2. g3 c6 3. Bg2 Bg4 4. d4 Nd7 5. O-O Ngf6 6. Nbd2 e6 7. Re1 Be7 8. e4
dxe4 9. Nxe4 O-O 10. c3 Qb6 11. Qb3 Qxb3 12. axb3 Nxe4 13. Rxe4 Bxf3 14. Bxf3
Nf6 15. Re1 Rfd8 16. Bd2 a6 17. Ra4 Rd7 18. b4 Rc8 19. Raa1 Nd5 20. Bd1 Bf6 21.
Bb3 Nc7 22. Re2 g6 23. Rae1 Kg7 24. g4 h6 25. f4 Nb5 26. Be3 Kh7 27. Bc2 Nd6
28. Bf2 Rg8 29. Bg3 Kh8 30. Kh1 Rdd8 31. Rf1 Rgf8 32. h4 Kg8 33. Bd3 Nc8 34. h5
gxh5 35. gxh5 Ne7 36. f5 exf5 37. Bf4 Kh8 38. Bxh6 Rg8 39. Bxf5 Rd5 40. Ref2
Bh4 41. Rf3 Bg5 42. Bxg5 Rxg5 43. Bh3 Rxh5 44. Kg2 Rhg5+ 45. Rg3 Kg7 46. Rff3
f6 47. Re3 Kf8 48. Kf2 Rxg3 49. Rxg3 a5 50. bxa5 Rxa5 51. Be6 Rh5 52. c4 Rh2+
53. Rg2 Rxg2+ 54. Kxg2 b6 55. Kf3 Ng6 56. Ke4 Ke7 57. Bf5 Nf8 58. b4 Kd6 59.
Bh3 c5 60. dxc5+ bxc5 1/2-1/2

[Event "?"]
[Site "?"]
[Date "????.??.??"]
[Round "?"]
[White "Eskandary, J."]
[Black "Titz, H."]
[Result "0-1"]
[WhiteElo "2159"]
[BlackElo "2268"]
[PlyCount "90"]

1. e4 c5 2. Nc3 Nc6 3. Bc4 d6 4. d3 g6 5. Nge2 Bg7 6. Be3 Nf6 7. f3 O-O 8. Qd2
Na5 9. Bh6 Nxc4 10. dxc4 a6 11. h4 b5 12. cxb5 axb5 13. Bxg7 Kxg7 14. Nxb5 h5
15. c4 Bd7 16. Nec3 Bc6 17. O-O Nd7 18. Rfd1 Ne5 19. Qe2 f5 20. f4 Ng4 21. e5
e6 22. g3 d5 23. cxd5 exd5 24. Nxd5 Qa5 25. Nbc7 Bxd5 26. Nxd5 c4 27. Qxc4 Rac8
28. Qe2 Qc5+ 29. Kg2 Rfd8 30. Rac1 Qxc1 31. Rxc1 Rxc1 32. Ne3 Nxe3+ 33. Qxe3
Rc2+ 34. Kf3 Rcd2 35. b4 R8d3 36. b5 Kf7 37. a4 Rxe3+ 38. Kxe3 Ra2 39. Kd4
Rxa4+ 40. Kc5 Ke7 41. Kb6 Rc4 42. Kb7 Kd7 43. b6 Rc3 44. Kb8 Rxg3 45. b7 Ra3
0-1